| 000 -ლიდერი |
| ფიქსირებული სიგრძის საკონტროლო ველი |
01263nam a22002417a 4500 |
| 003 - საკონტროლო ნომრის იდენტიფიკატორი |
| საკონტროლო ველი |
Ge_BSU |
| 005 - ბოლო ოპერაციის თარიღი და დრო |
| საკონტროლო ველი |
20210719120329.0 |
| 008 - ფიქსირებული სიგრძის მონაცემთა ელემენტები - ზოგადი ინფორმაცია |
| ფიქსირებული სიგრძის საკონტროლო ველი |
210719s2019 ge ||||| |||| 00| 0 geo d |
| 020 ## - წიგნის საერთაშორისო სტანდარტული ნომერი |
| International Standard Book Number |
9789941816284 |
| 041 ## - ენის კოდი |
| Language code of text/sound track or separate title |
geo |
| 080 ## - უნივერსალური ათობითი კლასიფიკაციის ინდექსი |
| Universal Decimal Classification number |
323.173(479.22:479.225) ვ-19 |
| 100 ## - მთავარი ჩანაწერი - პიროვნების სახელი |
| Personal name |
ვადაჭკორია, შოთა |
| 9 (RLIN) |
5487 |
| 245 ## - ცნობა სათაურის შესახებ |
| Title |
"ოსთა გენოციდის" საკითხი და 1918-1925 წლების ისტორიული მოვლენების სინამდვილე / |
| Statement of responsibility, etc |
შოთა ვადაჭკორია ; რედაქტორი ზურაბ ხონელიძე. |
| 264 ## - წარმოების, გამოცემის, დისტრიბუციის და სხვა ცნობები |
| გამოცემის, წარმოების, დისტრიბუციის... ადგილი |
თბილისი, |
| გამოცემის, წარმოების, დისტრიბუციის... თარიღი |
2019. |
| 300 ## - ფიზიკური აღწერა |
| Extent |
82 გვ. ; |
| Other physical details |
20 სმ. |
| 500 ## - ზოგადი შენიშვნა |
| General note |
თავფურცელზე: ავტორის მინაწერი. |
| 501 ## - შენიშვნა თანმხლებ მასალაზე |
| With note |
დაიბეჭდა ავტორის ხარჯით. |
| 504 ## - BIBLIOGRAPHY, ETC. NOTE |
| Bibliography, etc |
ბიბლიოგრაფია: გვ. 55-57. |
| 520 ## - SUMMARY, ETC. |
| Summary, etc |
რეზიუმე ინგლისურ ენაზე. |
| 653 ## - INDEX TERM--UNCONTROLLED |
| Uncontrolled term |
ქართულ-ოსური კონფლიქტი. |
| 700 ## - ADDED ENTRY--PERSONAL NAME |
| Personal name |
ხონელიძე, ზურაბ |
| Relator term |
რედაქტორი |
| 9 (RLIN) |
5500 |
| 942 ## - ADDED ENTRY ELEMENTS (KOHA) |
| Source of classification or shelving scheme |
|
| Koha item type |
წიგნი |